| 000 | 00509nam a2200169Ia 4500 | ||
|---|---|---|---|
| 003 | IN-BaIIA | ||
| 008 | 211028s9999 xx 000 0 eng d | ||
| 040 | _cIIA Library | ||
| 080 |
_a510 _bNIE |
||
| 100 |
_aNielson, Niels _9749 |
||
| 245 | 0 |
_aBeretning Om Den Anden Skahdinaviske Matematikerkongres _cNiels Nielson |
|
| 260 |
_aKjobenhavn _bGyldndalske Boghandel Nordisk Forlag _c1912 |
||
| 300 | _ax,192p. | ||
| 650 | _aAstronomy and Astrophysics Thesaurus | ||
| 650 |
_aMathematics-General _9750 |
||
| 942 | _cBK | ||
| 999 |
_c351 _d351 |
||